[Event "Winnipeg op"]
[Site "Winnipeg CAN"]
[Date "2016.07.12"]
[Round "6"]
[White "Remillard, John"]
[Black "Pan, Jeff"]
[Result "1-0"]
[WhiteElo "1669"]
[BlackElo "1268"]
[PlyCount "89"]
[EventDate "2016.06.07"]
[EventType "swiss"]
[EventRounds "8"]
[EventCountry "CAN"]

1. e4 e6 2. Nf3 Nc6 3. g3 b6 4. Bg2 Bb7 5. O-O Nf6 6. d3 Bc5 7. Re1 O-O 8. Nbd2
Ng4 9. Rf1 Bxf2+ 10. Rxf2 Nxf2 11. Kxf2 f5 12. Kg1 fxe4 13. Nxe4 e5 14. Bg5 Ne7
15. Nxe5 Rf5 16. Nf3 Bxe4 17. dxe4 Rc5 18. Qd3 Qf8 19. Rf1 Nc6 20. Be3 Nb4 21.
Qb3+ Qf7 22. Qxb4 Rh5 23. b3 c5 24. Qd2 Re8 25. Ne5 Qe6 26. Nd3 Qg4 27. Bf3 Qh3
28. Bxh5 Qxh5 29. Nf4 Qg4 30. Qd5+ Kh8 31. Qh5 Qxh5 32. Nxh5 Rxe4 33. Kf2 Re5
34. Nf4 d5 35. Nd3 Rf5+ 36. Kg2 Rxf1 37. Kxf1 d4 38. Bf4 a5 39. Bc7 b5 40. Nxc5
a4 41. bxa4 bxa4 42. Nxa4 h5 43. Nc5 Kh7 44. a4 g5 45. a5 1-0

[Event "Winnipeg op"]
[Site "Winnipeg CAN"]
[Date "2016.07.12"]
[Round "6"]
[White "Wiebe, Isaac"]
[Black "Babb, Jeff"]
[Result "0-1"]
[WhiteElo "2157"]
[BlackElo "2210"]
[PlyCount "98"]
[EventDate "2016.06.07"]
[EventType "swiss"]
[EventRounds "8"]
[EventCountry "CAN"]

1. d4 Nf6 2. c4 c5 3. d5 b5 4. cxb5 a6 5. bxa6 g6 6. Nc3 Bxa6 7. e4 Bxf1 8.
Kxf1 d6 9. Nf3 Bg7 10. h3 O-O 11. Kg1 Nbd7 12. Kh2 Qa5 13. Re1 Rfb8 14. Re2 Ne8
15. Rc2 Nc7 16. Bd2 Qa6 17. b3 Rxb3 18. Rac1 Rbb8 19. Bg5 Bxc3 20. Rxc3 f6 21.
Bh6 Qxa2 22. R1c2 Qa4 23. Qe2 Nb5 24. Re3 Qa6 25. Rb2 Nc7 26. Qxa6 Nxa6 27.
Rxb8+ Rxb8 28. Ra3 Ra8 29. Rb3 Nb4 30. Bd2 Ra4 31. Kg3 Kf7 32. Bc3 Na2 33. Nd2
Nxc3 34. Rxc3 Rd4 35. Rc2 h6 36. f3 f5 37. Kf4 Nf6 38. Ke3 Ra4 39. Rc3 Ra2 40.
Rb3 Rc2 41. Rb7 fxe4 42. fxe4 Rc3+ 43. Ke2 Rg3 44. Kf2 Ra3 45. Ke2 Ra2 46. Ke3
Ra4 47. Rc7 Rxe4+ 48. Kd3 Rd4+ 49. Kc2 Nxd5 0-1

[Event "Winnipeg op"]
[Site "Winnipeg CAN"]
[Date "2016.07.19"]
[Round "7"]
[White "Babb, Jeff"]
[Black "Bonness, Will"]
[Result "1-0"]
[WhiteElo "2210"]
[BlackElo "1878"]
[PlyCount "64"]
[EventDate "2016.06.07"]
[EventType "swiss"]
[EventRounds "8"]
[EventCountry "CAN"]

1. f4 d5 2. e3 g6 3. Nf3 Bg7 4. Be2 Nc6 5. d4 Nh6 6. O-O O-O 7. c4 e6 8. Nc3
Ne7 9. Bd2 b6 10. cxd5 exd5 11. Ne5 c5 12. Qa4 cxd4 13. exd4 a6 14. Be3 Nhf5
15. Bf2 Be6 16. Bf3 Qd6 17. Rfe1 b5 18. Qd1 Rac8 19. g4 Nh6 20. Qe2 Rfe8 21.
Rac1 Rc7 22. h3 Rec8 23. a3 b4 24. axb4 Qxb4 25. Ra1 a5 26. f5 gxf5 27. g5 Kh8
28. gxh6 Bxh6 29. Nd3 Qb8 30. Rxa5 Rg8+ 31. Kh1 Qd8 32. Rc5 Ra7 1-0

[Event "Winnipeg op"]
[Site "Winnipeg CAN"]
[Date "2016.07.19"]
[Round "7"]
[White "Kernetsky, Myron"]
[Black "Campbell, Jamie"]
[Result "1-0"]
[WhiteElo "1959"]
[BlackElo "1839"]
[PlyCount "57"]
[EventDate "2016.06.07"]
[EventType "swiss"]
[EventRounds "8"]
[EventCountry "CAN"]

1. d4 e6 2. Nf3 Nf6 3. Bf4 d5 4. Nbd2 c5 5. c3 Bd6 6. Bg3 O-O 7. e3 Re8 8. Bd3
Nc6 9. Ne5 cxd4 10. exd4 Bxe5 11. dxe5 Nd7 12. Nf3 f6 13. Qe2 fxe5 14. Nxe5
Ndxe5 15. Bxe5 Nxe5 16. Qxe5 Qf6 17. Bxh7+ Kf7 18. Qxf6+ gxf6 19. Bc2 b6 20.
O-O Bb7 21. f4 Rg8 22. Rf2 Ke7 23. Re1 Rac8 24. Bb3 Kd6 25. g3 e5 26. fxe5+
fxe5 27. Rf7 Ba6 28. Rf6+ Ke7 29. Rh6 1-0

[Event "Winnipeg op"]
[Site "Winnipeg CAN"]
[Date "2016.07.19"]
[Round "7"]
[White "Magnusson, Saul"]
[Black "Wiebe, Isaac"]
[Result "1/2-1/2"]
[WhiteElo "2100"]
[BlackElo "2157"]
[PlyCount "212"]
[EventDate "2016.06.07"]
[EventType "swiss"]
[EventRounds "8"]
[EventCountry "CAN"]

1. e4 e6 2. d3 c5 3. g3 Nc6 4. Nf3 g6 5. c3 e5 6. Bh3 Bg7 7. Na3 Nge7 8. Bg5 d6
9. Bxc8 Qxc8 10. Nc4 Qd7 11. Qb3 Rd8 12. Bxe7 Nxe7 13. Ne3 O-O 14. Nd5 Nxd5 15.
Qxd5 Qc6 16. c4 Qd7 17. a4 Qh3 18. Rb1 Qg4 19. Ng1 Qd7 20. b3 Kh8 21. Ne2 f5
22. Nc3 a5 23. Rb2 f4 24. Re2 Rf6 25. Rf1 Rdf8 26. g4 f3 27. Rb2 Rf4 28. h3
R8f7 29. Rg1 Bf8 30. Rb1 Qe7 31. Kd2 Bh6 32. Kc2 Bg5 33. Rbf1 Bh4 34. Nd1 Qc7
35. Nc3 Qe7 36. Nb5 R4f6 37. Nc3 h6 38. Rh1 Qd7 39. Rh2 Bg5 40. Rg1 Bh4 41. Nd1
Kh7 42. Nc3 Qe8 43. Nd1 Rd7 44. Nc3 Qe7 45. Nd1 Rf8 46. Nc3 Qf6 47. Nd1 Bg5 48.
Rhh1 Qf4 49. Ne3 Bh4 50. Qe6 Qf7 51. Qxf7+ Rdxf7 52. Rh2 Bg5 53. Nd5 Bd8 54. h4
Kg7 55. h5 Bg5 56. Rh3 Kh7 57. Rgg3 Kg7 58. Nc3 Be3 59. Nd1 Bd4 60. hxg6 Kxg6
61. Rh4 Rf4 62. Kd2 R8f7 63. Ne3 Bxe3+ 64. Kxe3 Kg5 65. Rh5+ Kg6 66. Rf5 R7xf5
67. exf5+ Kg5 68. Rxf3 Kxg4 69. Rg3+ Kxf5 70. Rg7 h5 71. Rxb7 Kg4 72. Rg7+ Kh3
73. f3 h4 74. Kf2 Rd4 75. Rg1 Kh2 76. Rg6 Rxd3 77. Rg8 Rxb3 78. Rd8 Rb4 79.
Rxd6 Rxc4 80. Rd5 e4 81. fxe4 Rxe4 82. Rxc5 Rxa4 83. Kf1 Rg4 84. Rxa5 h3 85.
Kf2 Kh1 86. Kf3 Rg1 87. Rh5 h2 88. Ra5 Rf1+ 89. Ke2 Rf8 90. Rg5 Re8+ 91. Kf1
Rf8+ 92. Ke1 Re8+ 93. Kf1 Rf8+ 94. Ke1 Rf7 95. Rg6 Rf3 96. Rg8 Ra3 97. Kf1 Rf3+
98. Ke1 Rf7 99. Rg4 Re7+ 100. Kf1 Rb7 101. Rg5 Ra7 102. Rg6 Ra1+ 103. Kf2 Rg1
104. Rf6 Rg8 105. Rf4 Rc8 106. Rg4 Rc2+ 1/2-1/2

[Event "Winnipeg op"]
[Site "Winnipeg CAN"]
[Date "2016.07.19"]
[Round "7"]
[White "Magyar, Peter"]
[Black "Marshall, Ken"]
[Result "1-0"]
[WhiteElo "1469"]
[BlackElo "1328"]
[PlyCount "79"]
[EventDate "2016.06.07"]
[EventType "swiss"]
[EventRounds "8"]
[EventCountry "CAN"]

1. d4 d5 2. Nf3 Nf6 3. Bf4 Bf5 4. Nbd2 Nbd7 5. e3 c6 6. h3 e6 7. Be2 Bb4 8. c3
Be7 9. O-O Ne4 10. Bh2 g5 11. Ne5 f6 12. Bh5+ Bg6 13. Nxg6 hxg6 14. Bxg6+ Kf8
15. Bxe4 dxe4 16. Nxe4 f5 17. Qf3 Rh4 18. Nd2 g4 19. hxg4 Rxg4 20. e4 Rg5 21.
Rfe1 Qe8 22. exf5 exf5 23. Re4 Nf6 24. Re5 Qg6 25. Re6 Kf7 26. Rae1 Re8 27. Bb8
Bd6 28. Rxe8 Nxe8 29. Ne4 Bxb8 30. Nxg5+ Qxg5 31. Qe2 Nf6 32. Qc4+ Nd5 33. Qe2
Nf4 34. Qe8+ Kg7 35. Re7+ Kh6 36. Qh8+ Kg6 37. Rg7+ Kf6 38. Qf8+ Ke6 39. Rxg5
Ne2+ 40. Kf1 1-0

[Event "Winnipeg op"]
[Site "Winnipeg CAN"]
[Date "2016.07.19"]
[Round "7"]
[White "Marshall, Carter"]
[Black "Remillard, John"]
[Result "0-1"]
[WhiteElo "1340"]
[BlackElo "1669"]
[PlyCount "82"]
[EventDate "2016.06.07"]
[EventType "swiss"]
[EventRounds "8"]
[EventCountry "CAN"]

1. e4 c5 2. Nf3 e6 3. d4 d5 4. e5 a6 5. Nc3 Nc6 6. Bg5 Qb6 7. Na4 Qb4+ 8. c3
Qa5 9. Qb3 cxd4 10. Bd3 b5 11. Nb6 Qxb6 12. cxd4 Bb4+ 13. Kf1 Bd7 14. Rc1 Nge7
15. Bxe7 Bxe7 16. h4 Nxd4 17. Nxd4 Qxd4 18. Qc2 Rc8 19. Qxc8+ Bxc8 20. Rxc8+
Bd8 21. Bc2 Kd7 22. Rc3 Bb6 23. Rf3 Qc4+ 24. Bd3 Qc1+ 25. Ke2 Qxb2+ 26. Kf1 Ke7
27. Kg1 Qxe5 28. a4 bxa4 29. Bxa6 Ra8 30. Bd3 a3 31. Bxh7 a2 32. g3 a1=Q+ 33.
Kg2 Qxh1+ 34. Kxh1 Ra1+ 35. Kg2 Qe1 36. Kh3 Qh1+ 37. Kg4 Ra4+ 38. Rf4 Rxf4+ 39.
Kxf4 Qc1+ 40. Kg4 f5+ 41. Kh5 Qh6# 0-1

[Event "Winnipeg op"]
[Site "Winnipeg CAN"]
[Date "2016.07.19"]
[Round "7"]
[White "Prince, Colin"]
[Black "Bince, Rolando"]
[Result "0-1"]
[WhiteElo "1917"]
[BlackElo "2043"]
[PlyCount "108"]
[EventDate "2016.06.07"]
[EventType "swiss"]
[EventRounds "8"]
[EventCountry "CAN"]

1. e4 c5 2. b4 cxb4 3. a3 e5 4. axb4 Bxb4 5. c3 Be7 6. Bc4 Nf6 7. Nf3 O-O 8.
Qe2 d6 9. h3 b6 10. Na3 Bb7 11. d3 d5 12. exd5 Nxd5 13. Qc2 Nd7 14. O-O Kh8 15.
d4 exd4 16. Nxd4 Ne5 17. f4 Nxc4 18. Nxc4 Bc5 19. Ba3 Rc8 20. Bxc5 Rxc5 21.
Rxa7 Rxc4 22. Rxb7 Qc8 23. Qb3 Qxb7 24. Qxc4 Ne3 25. Qe2 Nxf1 26. Kxf1 Kg8 27.
Qe5 Qb8 28. Qg5 h6 29. Qg4 Kh7 30. h4 Qc8 31. Qg3 Qc4+ 32. Ke1 Re8+ 33. Kd2
Qa2+ 34. Kd3 f5 35. h5 Qb1+ 36. Kd2 Kh8 37. Nc2 Qf1 38. Nd4 Re4 39. Kc2 Re1 40.
Nb3 Re2+ 41. Nd2 Qxg2 42. Qxg2 Rxg2 43. Kd3 Rf2 44. Ke3 Rh2 45. Nc4 Rxh5 46.
Nxb6 g5 47. Nd5 Rh1 48. c4 Re1+ 49. Kf3 Kg7 50. Ne3 g4+ 51. Kf2 Rxe3 52. Kxe3
Kf6 53. Kd4 Ke6 54. c5 h5 0-1

[Event "Winnipeg op"]
[Site "Winnipeg CAN"]
[Date "2016.07.19"]
[Round "7"]
[White "Wolchock, Theo"]
[Black "Klokow, John"]
[Result "1-0"]
[WhiteElo "2049"]
[BlackElo "1798"]
[PlyCount "82"]
[EventDate "2016.06.07"]
[EventType "swiss"]
[EventRounds "8"]
[EventCountry "CAN"]

1. c4 e5 2. g3 Nf6 3. Bg2 d5 4. cxd5 Nxd5 5. Nf3 Nc6 6. Nc3 Nb6 7. O-O Be7 8.
Rb1 O-O 9. b4 Bxb4 10. Nxe5 Nxe5 11. Rxb4 c6 12. d3 Be6 13. Qc2 f5 14. Kh1 Qd7
15. Rb1 Rae8 16. Na4 Nxa4 17. Qxa4 b6 18. Rd1 Bd5 19. f3 Ng4 20. Re1 Nf2+ 21.
Kg1 Nxd3 22. Bb2 Nxe1 23. Rxe1 Re6 24. Qd4 c5 25. Qc3 Bc6 26. Kf1 Rfe8 27. Bh3
Qd4 28. Bxf5 R6e7 29. Qc2 Qd5 30. Bxh7+ Kf8 31. Qg6 Qe6 32. Qg5 Bxf3 33. Bf5
Bxe2+ 34. Kg2 Bf3+ 35. Kh3 Qh6+ 36. Qxh6 gxh6 37. Rf1 Bh5 38. Bg6+ Kg8 39. Bxh5
Rf8 40. Rxf8+ Kxf8 41. Bf6 Re2 1-0

[Event "Winnipeg op"]
[Site "Winnipeg CAN"]
[Date "2016.07.26"]
[Round "8"]
[White "Magyar, Peter"]
[Black "Magnusson, Saul"]
[Result "0-1"]
[WhiteElo "1469"]
[BlackElo "2100"]
[PlyCount "82"]
[EventDate "2016.06.07"]
[EventType "swiss"]
[EventRounds "8"]
[EventCountry "CAN"]

1. d4 Nf6 2. Bf4 g6 3. Nf3 Bg7 4. e3 d6 5. h3 O-O 6. Be2 c5 7. c3 Be6 8. O-O
Qb6 9. Nbd2 Nd5 10. Nc4 Qc7 11. Bh2 Nf6 12. Ncd2 Qb6 13. b3 Nc6 14. Ng5 Bf5 15.
e4 Bd7 16. Nc4 Qd8 17. Bd3 cxd4 18. cxd4 Nxd4 19. e5 dxe5 20. Nxe5 Bb5 21. Rc1
Bxd3 22. Nxd3 h6 23. Nf3 Rc8 24. Re1 Rxc1 25. Nxc1 Nc6 26. Nd3 Qd5 27. Nfe5 Rd8
28. Qe2 Nxe5 29. Nxe5 e6 30. Kh1 Qd2 31. Nc4 Qxe2 32. Rxe2 Rd1+ 33. Bg1 Nd5 34.
Rd2 Rc1 35. Kh2 Bc3 36. Rd3 Nf4 37. Rd8+ Kg7 38. f3 Rc2 39. Ne3 Rxa2 40. Kg3
Nh5+ 41. Kh2 Be5+ 0-1

[Event "Winnipeg op"]
[Site "Winnipeg CAN"]
[Date "2016.07.26"]
[Round "8"]
[White "Piche, Jeremie"]
[Black "Bonness, Will"]
[Result "0-1"]
[WhiteElo "1596"]
[BlackElo "1878"]
[PlyCount "78"]
[EventDate "2016.06.07"]
[EventType "swiss"]
[EventRounds "8"]
[EventCountry "CAN"]

1. e4 c5 2. Nf3 g6 3. g3 Bg7 4. Bg2 Nc6 5. O-O d6 6. Re1 e5 7. d3 Nge7 8. Nbd2
O-O 9. Nf1 Nd4 10. c3 Nxf3+ 11. Bxf3 Be6 12. Ne3 f5 13. exf5 Nxf5 14. Bxb7 Nxe3
15. Bxe3 Rb8 16. Bg2 Rxb2 17. Re2 Rxe2 18. Qxe2 Qc7 19. Rb1 Rb8 20. Rxb8+ Qxb8
21. c4 Qb1+ 22. Bf1 Bh3 23. f4 exf4 24. gxf4 Bxf1 25. Qxf1 Qxa2 26. f5 Qa1 27.
fxg6 Qxf1+ 28. Kxf1 hxg6 29. Bd2 Kf7 30. Ke2 Ke6 31. Kf3 Kf5 32. h4 Bf6 33. Kg3
Bd8 34. Bf4 Bc7 35. Kf3 a5 36. Bh6 Bd8 37. Bf8 Ke6 38. Kg4 a4 39. Bh6 a3 0-1

[Event "Winnipeg op"]
[Site "Winnipeg CAN"]
[Date "2016.07.26"]
[Round "8"]
[White "Remillard, John"]
[Black "Klokow, John"]
[Result "1-0"]
[WhiteElo "1669"]
[BlackElo "1798"]
[PlyCount "65"]
[EventDate "2016.06.07"]
[EventType "swiss"]
[EventRounds "8"]
[EventCountry "CAN"]

1. e4 e5 2. Nf3 Nc6 3. g3 Nf6 4. d3 d5 5. Nbd2 d4 6. Bg2 Be6 7. O-O h6 8. h3
Qd7 9. Kh2 O-O-O 10. a3 g5 11. Ng1 Bd6 12. b4 a6 13. Rb1 g4 14. h4 Rdf8 15. Nb3
b6 16. Bd2 Na7 17. Qc1 Rfg8 18. c4 dxc3 19. Bxc3 Qa4 20. Nd2 Nb5 21. Nc4 Bxc4
22. dxc4 Nxc3 23. Qxc3 Qc6 24. Rfe1 Rd8 25. Qb3 Qe8 26. c5 bxc5 27. bxc5 Bxc5
28. Qb7+ Kd7 29. Red1+ Bd6 30. Qxa6 Ra8 31. Qc4 Rxa3 32. Rxd6+ cxd6 33. Rb7+
1-0

[Event "Winnipeg op"]
[Site "Winnipeg CAN"]
[Date "2016.07.26"]
[Round "8"]
[White "Wiebe, Isaac"]
[Black "Kernetsky, Myron"]
[Result "0-1"]
[WhiteElo "2157"]
[BlackElo "1959"]
[PlyCount "72"]
[EventDate "2016.06.07"]
[EventType "swiss"]
[EventRounds "8"]
[EventCountry "CAN"]

1. d4 Nf6 2. c4 e6 3. Nc3 Bb4 4. f3 d5 5. a3 Bxc3+ 6. bxc3 c5 7. cxd5 Nxd5 8.
dxc5 Qa5 9. e4 Ne7 10. Be3 Qxc3+ 11. Kf2 Nbc6 12. Ne2 Qa5 13. Qc2 O-O 14. h4 e5
15. Nc3 Be6 16. Nb5 Rad8 17. Nd6 Qc7 18. g4 Nd4 19. Bxd4 exd4 20. Nf5 Ng6 21.
Rd1 Bxf5 22. gxf5 Nf4 23. Rg1 Qe5 24. Rg4 h5 25. Rg1 Rd7 26. Bd3 Rc8 27. Rg3
Rxc5 28. Qa4 b5 29. Qb4 Nxd3+ 30. Rxd3 Rc2+ 31. Rd2 d3 32. Rg1 Qh2+ 33. Rg2
Qxh4+ 34. Rg3 Qf4 35. Rxc2 dxc2 36. Qc3 Qd2+ 0-1

[Event "Zukertort"]
[Site "Quebec CAN"]
[Date "2016.02.15"]
[Round "1"]
[White "Beauchesne, Jonathan"]
[Black "Lessard, Claude"]
[Result "0-1"]
[WhiteElo "1639"]
[BlackElo "2057"]
[PlyCount "76"]
[EventDate "2016.02.16"]
[EventType "swiss"]
[EventRounds "5"]
[EventCountry "CAN"]

1. e4 g6 2. d4 Bg7 3. Nf3 d6 4. Bb5+ c6 5. Bd3 Nf6 6. O-O O-O 7. Bf4 Qb6 8. Qc1
Bg4 9. Nbd2 Nbd7 10. h3 Bxf3 11. Nxf3 Nh5 12. Bh6 e5 13. dxe5 dxe5 14. Be3 Qc7
15. Rd1 Nf4 16. Bxf4 exf4 17. c3 Nc5 18. Qc2 a5 19. Rd2 Qe7 20. Re1 Rad8 21.
Qd1 h6 22. Bb1 Rxd2 23. Qxd2 g5 24. Nd4 Rd8 25. Rd1 Kf8 26. Qe2 Bxd4 27. cxd4
Ne6 28. Qh5 Kg7 29. d5 Nc5 30. Qf3 Qe5 31. Qc3 Qxc3 32. bxc3 cxd5 33. Rxd5 Rxd5
34. exd5 b5 35. Bf5 Kf6 36. Bg4 Ne4 37. Bc8 Ke5 38. Ba6 Nxc3 0-1

[Event "Zukertort"]
[Site "Quebec CAN"]
[Date "2016.02.15"]
[Round "1"]
[White "Bluteau, Yvon"]
[Black "Laprade, Jean jr"]
[Result "1-0"]
[WhiteElo "1982"]
[BlackElo "1503"]
[PlyCount "59"]
[EventDate "2016.02.16"]
[EventType "swiss"]
[EventRounds "5"]
[EventCountry "CAN"]

1. Nf3 d5 2. c4 dxc4 3. e3 Nf6 4. Bxc4 e6 5. O-O Be7 6. Nc3 O-O 7. d4 Nc6 8. a3
a6 9. b4 b5 10. Ba2 Bb7 11. Qc2 a5 12. bxa5 b4 13. Na4 Nxa5 14. Nc5 Bxc5 15.
Qxc5 b3 16. Bb1 Qd6 17. Qc3 Bd5 18. Nd2 Rfb8 19. Bb2 Ng4 20. g3 f5 21. e4 Bxe4
22. Nxe4 fxe4 23. Bxe4 Ra7 24. Rad1 Nf6 25. Bg2 Nd5 26. Qd3 Rb6 27. Rfe1 Rc6
28. Re2 Nc4 29. Qxb3 Nxb2 30. Rxe6 1-0

[Event "Zukertort"]
[Site "Quebec CAN"]
[Date "2016.02.15"]
[Round "1"]
[White "Cossette, Daniel"]
[Black "Glode, Martin"]
[Result "1/2-1/2"]
[WhiteElo "2036"]
[BlackElo "1769"]
[PlyCount "70"]
[EventDate "2016.02.16"]
[EventType "swiss"]
[EventRounds "5"]
[EventCountry "CAN"]

1. e4 Nf6 2. Nc3 d6 3. d4 e5 4. Nf3 Nbd7 5. Bc4 Be7 6. Bxf7+ Kxf7 7. Ng5+ Kg8
8. Ne6 Qe8 9. Nxc7 Qg6 10. O-O Rb8 11. dxe5 dxe5 12. N7d5 Bf8 13. Qd3 h6 14.
Be3 b6 15. h3 Kh7 16. b4 Bb7 17. f3 Nxd5 18. Nxd5 Nf6 19. Nxf6+ Qxf6 20. Rab1
Rd8 21. Qb3 Be7 22. a4 Ba6 23. b5 Bc8 24. f4 exf4 25. Bxf4 Be6 26. Qg3 Qg6 27.
Qh2 Bc5+ 28. Kh1 Bc4 29. Rf3 Qxe4 30. Be5 Rhf8 31. Qg3 Qb7 32. Rc3 Bd5 33. Qg4
Qf7 34. Rg3 Rg8 35. Rd1 g6 1/2-1/2

[Event "Zukertort"]
[Site "Quebec CAN"]
[Date "2016.02.22"]
[Round "2"]
[White "Boissinot, Claude"]
[Black "Beauchesne, Jonathan"]
[Result "1-0"]
[WhiteElo "1505"]
[BlackElo "1639"]
[PlyCount "109"]
[EventDate "2016.02.16"]
[EventType "swiss"]
[EventRounds "5"]
[EventCountry "CAN"]

1. e4 c5 2. d4 cxd4 3. c3 d6 4. cxd4 Nf6 5. Nc3 g6 6. Be2 Bg7 7. Nf3 O-O 8. h3
Nbd7 9. O-O a6 10. Be3 b5 11. a3 Bb7 12. e5 dxe5 13. dxe5 Ne8 14. Bf4 Nc7 15.
Re1 Rb8 16. Qd2 Bxf3 17. Bxf3 Nxe5 18. Qxd8 Nxf3+ 19. gxf3 Rbxd8 20. Bxc7 Rd7
21. Ba5 e6 22. Red1 Rxd1+ 23. Rxd1 Bf6 24. Rd6 Ra8 25. Kg2 Kg7 26. f4 h5 27.
Nd1 Kf8 28. Bc3 Be7 29. Rc6 Ke8 30. Ba5 Bf6 31. Kf3 Kf8 32. b3 Ke8 33. Nc3 Be7
34. b4 Kd7 35. Rc7+ Ke8 36. Rc6 Kd7 37. Rc7+ Ke8 38. Ne4 f6 39. Nc5 Bxc5 40.
Rxc5 Ra7 41. Rc7 Rxc7 42. Bxc7 Kd7 43. Ba5 Kc6 44. Ke4 Kd6 45. f3 Kd7 46. Bb6
Ke7 47. Kd4 Ke8 48. Kc5 Kd7 49. Ba7 Kc7 50. Bb6+ Kd7 51. Ba5 g5 52. fxg5 fxg5
53. Kd4 Ke7 54. Ke4 Kf7 55. Bd8 1-0

[Event "Zukertort"]
[Site "Quebec CAN"]
[Date "2016.02.22"]
[Round "2"]
[White "Doyon, Stephane"]
[Black "Bluteau, Yvon"]
[Result "1-0"]
[WhiteElo "1761"]
[BlackElo "1982"]
[PlyCount "97"]
[EventDate "2016.02.16"]
[EventType "swiss"]
[EventRounds "5"]
[EventCountry "CAN"]

1. e4 d5 2. exd5 Nf6 3. c4 e6 4. Nc3 exd5 5. d4 Bb4 6. cxd5 Qxd5 7. Bd2 Bxc3 8.
Bxc3 O-O 9. Nf3 Re8+ 10. Be2 Qe4 11. Kf1 b6 12. Ne5 Ba6 13. Bxa6 Nxa6 14. Qb3
Re6 15. Qb5 Qb7 16. Re1 c6 17. Qd3 Rae8 18. Qf3 Nd5 19. Nc4 Qe7 20. Rxe6 Qxe6
21. Bd2 b5 22. Ne5 c5 23. g3 cxd4 24. Nd3 Qh3+ 25. Kg1 Nac7 26. Nf4 Nxf4 27.
Qxf4 Ne6 28. Qe4 Qh5 29. Kg2 g5 30. Qc6 f5 31. Re1 Qf7 32. Qxb5 f4 33. Qc6 fxg3
34. hxg3 Qg6 35. Qd5 Qf7 36. Re5 h6 37. Rf5 Qg6 38. Re5 Qf7 39. f4 gxf4 40. Rf5
Qg6 41. Bxf4 d3 42. Re5 Kh8 43. Bxh6 Kh7 44. Rh5 Qg4 45. Qxd3+ Kg8 46. Rh4 Nf4+
47. Bxf4 Re2+ 48. Kf1 Qe6 49. Qxe2 1-0

[Event "Zukertort"]
[Site "Quebec CAN"]
[Date "2016.02.22"]
[Round "2"]
[White "Glode, Martin"]
[Black "Arteau, Benoit"]
[Result "1/2-1/2"]
[WhiteElo "1769"]
[BlackElo "1872"]
[PlyCount "52"]
[EventDate "2016.02.16"]
[EventType "swiss"]
[EventRounds "5"]
[EventCountry "CAN"]

1. e4 e5 2. Nf3 Nc6 3. Bb5 a6 4. Bxc6 dxc6 5. O-O f6 6. d4 exd4 7. Nxd4 c5 8.
Nb3 Qxd1 9. Rxd1 Bd6 10. Na5 Be6 11. Nxb7 Ke7 12. Be3 Rb8 13. Nxd6 cxd6 14. b3
g5 15. Nc3 Nh6 16. Nd5+ Bxd5 17. Rxd5 Ng4 18. Bd2 h5 19. Ba5 Rb7 20. Rad1 Rd7
21. b4 cxb4 22. Bxb4 Rhd8 23. c4 Ne5 24. c5 dxc5 25. Bxc5+ Ke8 26. Kf1 Rc8
1/2-1/2

[Event "Zukertort"]
[Site "Quebec CAN"]
[Date "2016.02.22"]
[Round "2"]
[White "Lessard, Claude"]
[Black "Dube, Daniel"]
[Result "1-0"]
[WhiteElo "2057"]
[BlackElo "1974"]
[PlyCount "57"]
[EventDate "2016.02.16"]
[EventType "swiss"]
[EventRounds "5"]
[EventCountry "CAN"]

1. d4 Nf6 2. Nf3 g6 3. c4 Bg7 4. Nc3 O-O 5. e4 d6 6. Be2 c5 7. d5 Bg4 8. h3
Bxf3 9. Bxf3 Nfd7 10. Be3 Bxc3+ 11. bxc3 Qa5 12. O-O Qxc3 13. Rc1 Qa3 14. Qd2
Ne5 15. Be2 f6 16. f4 Nf7 17. Rb1 b6 18. Bg4 Na6 19. Be6 Nc7 20. Bxf7+ Rxf7 21.
Rb3 Qa4 22. Qe2 b5 23. Rc1 b4 24. f5 gxf5 25. exf5 Ne8 26. Bh6 Qd7 27. Rg3+ Ng7
28. Qg4 Qxf5 29. Qxf5 1-0

[Event "Zukertort"]
[Site "Quebec CAN"]
[Date "2016.02.22"]
[Round "2"]
[White "Tremblay-Alix, Eric"]
[Black "Cossette, Daniel"]
[Result "0-1"]
[WhiteElo "1771"]
[BlackElo "2036"]
[PlyCount "82"]
[EventDate "2016.02.16"]
[EventType "swiss"]
[EventRounds "5"]
[EventCountry "CAN"]

1. Nf3 d5 2. c4 e6 3. g3 c5 4. Bg2 Nc6 5. cxd5 exd5 6. O-O Nf6 7. d4 Be7 8. Nc3
O-O 9. h3 Re8 10. Be3 c4 11. Qd2 Be6 12. Rad1 Rc8 13. Kh2 Qa5 14. Ne5 Red8 15.
Nxc6 Rxc6 16. Nxd5 Rxd5 17. Qxa5 Rxa5 18. Bxc6 bxc6 19. a3 Rh5 20. h4 Ng4+ 21.
Kg1 Nxe3 22. fxe3 g5 23. hxg5 Bxg5 24. e4 Be3+ 25. Kg2 Bh3+ 26. Kf3 Bxf1 27.
Kxe3 Bh3 28. d5 cxd5 29. exd5 Bd7 30. Kd4 Rg5 31. Kxc4 Rxg3 32. e4 Kf8 33. Rh1
Rh3 34. Rc1 Ke7 35. Kd4 h5 36. Rc7 h4 37. Ke5 Rd3 38. Rc2 h3 39. Rh2 Rg3 40.
d6+ Kf8 41. Rh1 Rg2 0-1

[Event "Zukertort"]
[Site "Quebec CAN"]
[Date "2016.02.29"]
[Round "3"]
[White "Beauchesne, Jonathan"]
[Black "Leclerc, Jean-Francois"]
[Result "1/2-1/2"]
[WhiteElo "1639"]
[BlackElo "1493"]
[PlyCount "75"]
[EventDate "2016.02.16"]
[EventType "swiss"]
[EventRounds "5"]
[EventCountry "CAN"]

1. e4 c5 2. Nc3 e6 3. Bc4 Nc6 4. Nf3 a6 5. a4 d6 6. d4 cxd4 7. Nxd4 Nf6 8. Nxc6
bxc6 9. Qe2 Qc7 10. O-O Be7 11. Bf4 Nd7 12. Rfd1 O-O 13. Rd3 e5 14. Bd2 Rb8 15.
Qh5 Nf6 16. Qe2 Bg4 17. Qe1 a5 18. b3 Bh5 19. h3 Bg6 20. g4 d5 21. exd5 Bxd3
22. Bxd3 cxd5 23. Nb5 Qc5 24. Qxe5 Rfe8 25. Be3 Bf8 26. Qxe8 Rxe8 27. Bxc5 Bxc5
28. Kf1 Ne4 29. Rd1 Nxf2 30. Rd2 Nxh3 31. Nc7 Re5 32. Bxh7+ Kxh7 33. Rh2 Kg6
34. Rxh3 Bb4 35. Rf3 Rg5 36. Rf5 Rxf5+ 37. gxf5+ Kxf5 38. Nxd5 1/2-1/2

[Event "Zukertort"]
[Site "Quebec CAN"]
[Date "2016.02.29"]
[Round "3"]
[White "Cossette, Daniel"]
[Black "Doyon, Stephane"]
[Result "1-0"]
[WhiteElo "2036"]
[BlackElo "1761"]
[PlyCount "53"]
[EventDate "2016.02.16"]
[EventType "swiss"]
[EventRounds "5"]
[EventCountry "CAN"]

1. e4 c6 2. d4 d5 3. exd5 cxd5 4. c4 Nf6 5. Nc3 e6 6. c5 Be7 7. Nf3 O-O 8. Bf4
Nh5 9. Bd2 Re8 10. b4 Nd7 11. Bb5 a6 12. Bd3 Qc7 13. O-O Nhf6 14. Re1 b6 15.
Qc1 bxc5 16. bxc5 Bb7 17. Bf4 Qa5 18. Rb1 Bc6 19. h3 Rec8 20. Rb3 Bxc5 21. dxc5
Nxc5 22. Ra3 Qd8 23. Qe3 d4 24. Nxd4 Nd5 25. Nxd5 Nxd3 26. Nxc6 Rxc6 27. Rxd3
1-0

[Event "Zukertort"]
[Site "Quebec CAN"]
[Date "2016.02.29"]
[Round "3"]
[White "Fecteau, Martin"]
[Black "Lessard, Claude"]
[Result "0-1"]
[WhiteElo "2006"]
[BlackElo "2057"]
[PlyCount "78"]
[EventDate "2016.02.16"]
[EventType "swiss"]
[EventRounds "5"]
[EventCountry "CAN"]

1. Nf3 Nf6 2. c4 e6 3. g3 d5 4. Bg2 g6 5. O-O Bg7 6. d3 O-O 7. cxd5 exd5 8. Qc2
c6 9. a3 Nbd7 10. Nc3 Re8 11. b4 a5 12. Rb1 Nf8 13. Re1 Ng4 14. h3 Ne5 15. Nxe5
Bxe5 16. b5 Bd7 17. bxc6 bxc6 18. Na4 Ne6 19. Nb6 Nd4 20. Qa2 Rb8 21. Nxd7 Qxd7
22. Bd2 Rxb1 23. Qxb1 Rb8 24. Qa2 Rb2 25. Qxb2 Nxe2+ 26. Rxe2 Bxb2 27. Bxa5
Bxa3 28. Ra2 Qd6 29. Bd2 Kg7 30. Be3 Qb4 31. Bf1 Qb3 32. Bd4+ f6 33. Ra1 c5 34.
Be3 g5 35. Bd2 Qb2 36. Rd1 Qc2 37. Be2 Bb4 38. Bxb4 cxb4 39. Kf1 b3 0-1